| 000 | 00541nam a2200169 i 4500 | ||
|---|---|---|---|
| 001 | 78588 | ||
| 003 | ES-MaACL | ||
| 005 | 20230906173745.0 | ||
| 007 | t| | ||
| 008 | 041015s1968 sp ||||1| spa d | ||
| 100 | 1 |
_aHausherr, I. _962118 |
|
| 245 | 1 | 3 |
_aLa obediencia religiosa _b: Teología de la voluntad de Dios y obediencia cristiana / _cI. Hausherr ; [versión española por A. Arza]. |
| 260 |
_aBilbao : _bMensajero, _c1968. |
||
| 300 |
_a135 p. ; _c20 cm. |
||
| 700 | 1 |
_aArza, Antonio. _923521 |
|
| 852 |
_aES-MaACL _jC-32631 _bR.66209 |
||
| 999 |
_c78588 _d78588 |
||